| 000 | 00610nam a2200229Ia 4500 | ||
|---|---|---|---|
| 003 | OSt | ||
| 005 | 20220928143146.0 | ||
| 006 | a|||||r|||| 00| 0 | ||
| 007 | ta | ||
| 008 | 220927b |||||||| |||| 00| 0 eng d | ||
| 024 | _a21348 | ||
| 037 | _cTextual | ||
| 040 |
_aSDCL _cSDCL _beng |
||
| 041 |
_2eng _aeng |
||
| 082 | _aO142,3M28,1, 111J7.1 | ||
| 100 |
_aTolstoy L N _9504823 |
||
| 245 | 0 | _aWar and peace. | |
| 260 | _c1957 | ||
| 700 |
_a Edmonds Rosemary Tr. _9504824 |
||
| 942 |
_hO142,3M28,1, 111J7.1 _cTEXL _2CC |
||
| 999 |
_c823390 _d823390 |
||